000 01347namaa2200301 i 4500
003 EG-GICUC
005 20260405145753.0
008 260405s1999 le |||jr|||| 000 0 ara d
040 _aEG-GiCUC
_bara
_cEG-GiCUC
_dEG-GiCUC
_erda
082 0 4 _221
_a251
_bQ11
092 0 4 _221
_a251
_bQ11
099 _a251 Q11
100 1 _aابن قيم الجوزية، شمس الدين أبو عبدالله محمد بن أبي بكر،
_d1292-1350
_eمؤلف.
245 1 _aإعلام الموقعين عن رب العالمين /
_cللإمام شمس الدين أبى عبد الله محمد بن أبى بكر ابن قيم الجوزية ؛ باعتناء صدقى محمد جميل العطار.
250 _aطبعة جديدة موثقة
264 _aبيروت (لبنان) :
_bدار الفكر للطباعة والنشر والتوزيع،
_c1999.
300 _aمجلدات 4 فى 2 ؛
_c25 سم
336 _2rdacontent
_atext
337 _2rdamedia
_aUnmediated
338 _2rdacarrier
_avolume
504 _aيشتمل على ارجاعات ببليوجرافية.
541 _aد. جابر عصفور ؛
_bالقاهرة ؛
_cإهداء ؛
_d2024.
650 1 7 _aالفقه الاسلامى، اصول
_2qrmak
651 1 _2qrmak
700 1 _aالعطار، صدقى محمد جميل
905 _aAya
942 _2ddc
_cBK
_e21
_n0
999 _c179210
_d179210